Statistics for X FACTOR WINNERS

Click here to take the quiz!

General Stats

  • This quiz has been taken 360 times
  • The average score is 7 of 9

Answer Stats

HintAnswer% Correct
2006Leona Lewis
93%
2011Little Mix
89%
2008Alexandra Burke
85%
2010Matt Cardle
78%
2005Shayne Ward
73%
2012James Arthur
70%
2007Leon Jackson
62%
2004Steve Brookstein
62%
2009Joe McElderry
60%

Score Distribution

Percentile by Number Answered

Percent of People with Each Score

Your Score History

You have not taken this quiz